000 00914nam a2200265 i 4500
001 bg
003 KOSZ 005
005 20201119143235.0
008 070620s1968 pl a f 000 0 pol
015 _aPB 1969/2024
040 _aWA N
_cKOSZ 005/RW
_dKOSZ 005/RW
080 _a621.1:621.311:621.039
100 1 _aKamler, Witold
_d(1906-1983)
_eAutor
245 1 0 _aCiepłownictwo.
_nCz. 1,
_pCentrale cieplne /
_cWitold Kamler.
250 _aWyd. 2.
260 _aWarszawa :
_bPaństwowe Wydawnictwo Naukowe,
_c1968.
300 _a309 s., [7] k. tabl. :
_bil. ;
_c24 cm.
380 _aKsiążki.
504 _aBibliogr. s. [303]-306.
655 4 _aPodręczniki akademickie
650 4 _aOgrzewanie centralne
710 2 _aPaństwowe Wydawnictwo Naukowe
_4pbl.
856 _uhttp://koha.tu.koszalin.pl/cgi-bin/koha/opac-detail.pl?biblionumber=11428
_yKatalog online BPK
942 _2UKD
_cKS
999 _c11428
_d11428